[Event "Open A"]
[Site "Arco HUN"]
[Date "2005.10.25"]
[Round "4"]
[White "Most,Z"]
[Black "De Andres Gonalons,F"]
[Result "1-0"]
[WhiteElo "2161"]
[BlackElo "2071"]

1.Nf3 d5 2.g3 Nf6 3.Bg2 e6 4.O-O c5 5.d3 Nc6 6.Nbd2 Be7 7.e4 O-O 8.Qe2 b5
9.e5 Nd7 10.h4 a5 11.Re1 b4 12.Nf1 a4 13.Bf4 a3 14.b3 Na7 15.N1h2 Nb5 16.Bd2 Bb7
17.Qe3 Kh8 18.Rac1 Nb8 19.Qf4 Nc6 20.Ng5 Bxg5 21.hxg5 Ne7 22.Ng4 Ng6 23.Qe3 Nd4
24.Kh2 Rc8 25.Rh1 Rc7 26.Kg1 Nf5 27.Qe2 Nd4 28.Qd1 f5 29.gxf6 gxf6 30.exf6 e5
31.Bh6 Rff7 32.Bg7+ Rxg7 33.fxg7+ Rxg7 34.Ne3 Nb5 35.Nf5 Rf7 36.Nh6 Rg7 37.Qh5 Qf6
38.Ng4 Qe7 39.Re1 e4 40.dxe4 Nc3 41.Nh6 Bc8 42.Kh2 dxe4 43.Re3 Qf8 44.Rf1 Re7
45.Ng4 Qf5 46.Qxf5 Bxf5 47.Rxc3 bxc3 48.Ne3 Bc8 49.Rd1 Bd7 50.Nd5 Re5 51.Nxc3 Bf5
52.Bh3 e3 53.Bxf5 Rxf5 54.f4 h5 55.Re1 h4 56.Rxe3 hxg3+ 57.Kxg3 c4 58.Re4 cxb3
59.cxb3 Rc5 60.Rc4 Rh5 61.Ra4 Rc5 62.Ne4 Rf5 63.Ng5 Kg7 64.Kg4 Rd5 65.Rxa3  1-0

[Event "Essent Open"]
[Site "Hoogeveen NED"]
[Date "2005.10.25"]
[Round "5"]
[White "Van Weersel,A"]
[Black "Archangelsky,M"]
[Result "0-1"]
[WhiteElo "2174"]
[BlackElo "2293"]

1.Nf3 d5 2.g3 c6 3.Bg2 Bg4 4.O-O Nd7 5.d3 e6 6.Nbd2 Bd6 7.b3 Ne7 8.Bb2 O-O
9.Qe1 Qa5 10.a3 e5 11.c4 Rae8 12.e4 d4 13.b4 Qd8 14.c5 Bc7 15.Rc1 h6 16.Nb3 f5
17.Nfd2 f4 18.f3 Be6 19.Nc4 g5 20.Nba5 Qb8 21.Nb3 Ng6 22.a4 h5 23.Rc2 Rf7
24.Bc1 Ref8 25.Rcf2 Rh7 26.gxf4 gxf4 27.h3 Rg7 28.Kh2 Bd8 29.Rb2 Bh4 30.Qd1 Bg3+
31.Kh1 Nh4 32.Rg1 Nxg2 33.Kxg2 Bxc4 34.dxc4 Be1+ 35.Kh2 Rxg1 36.Kxg1 Bxb4
37.Kh2 Bc3 38.Rg2+ Kh7 39.Rg5 Qe8 40.Qg1 Rg8 41.h4 Nf6 42.Qg2 Qe6 43.Rxg8 Qxg8
44.Qh3 Be1 45.Bxf4 exf4 46.Qf5+ Qg6 47.Nxd4 Qxf5 48.Nxf5 Nd7 49.Kg2 Nxc5
50.Nd6 Bxh4 51.Nc8 a5  0-1

[Event "SCG First League m"]
[Site "Vrnjacka Banja SCG"]
[Date "2005.10.25"]
[Round "9"]
[White "Bogosavljevic,B"]
[Black "Lazic,Mi"]
[Result "1/2-1/2"]
[WhiteElo "2325"]
[BlackElo "2472"]

1.Nf3 d5 2.g3 g6 3.Bg2 Bg7 4.d4 Nf6 5.c4 dxc4 6.Qa4+ Nbd7 7.Qxc4 Nb6 8.Qc2 Bf5
9.Qd1 O-O 10.Nbd2 Rc8 11.Nb3 Be4 12.O-O Nbd7 13.Nbd2 c5 14.Nxe4 Nxe4 15.Ne5 Nd6
16.Nxd7 Qxd7 17.dxc5 Rxc5 18.Be3 Ra5 19.Bd4 Bxd4 20.Qxd4 Rc8 21.b4 Ra3 22.Bd5 Rac3
23.Rad1 b6 24.Qh4 Qc7 25.Bb3 Nf5 26.Qe4 Nd6 27.Qd5 Qc6 28.Qe5 Qe4 29.Qxe4 Nxe4
30.Rd4 Nd6 31.Rfd1 Rc1 32.Kg2 Rxd1 33.Rxd1 Rc7 34.Kf3 Kg7 35.Ke3 f5 36.f3 Kf6
37.Rd2 Rc1 38.Rc2 Rxc2 39.Bxc2 e5 40.Kd3 Ke7 41.Bb3 g5 42.Bd5 h6 43.e3 Ne8
44.f4 Nf6 45.Bb7 exf4 46.exf4 gxf4 47.gxf4 Kd6 48.Kd4 Nh5 49.Ke3 Nf6 50.Kd4 Nh5
51.Bc8 Nxf4 52.Bxf5 Nd5 53.a3 Nc7 54.Bd3 Ne6+ 55.Ke4 a5 56.h4 axb4 57.axb4 Nc7
58.Bc4 b5 59.Bd3 Ke6 60.Kd4 Na6 61.Bxb5  1/2-1/2

[Event "Femida w"]
[Site "Kharkiv UKR"]
[Date "2005.10.26"]
[Round "11"]
[White "Kuzmina,O"]
[Black "Kochetkova,J"]
[Result "1/2-1/2"]
[WhiteElo "2261"]
[BlackElo "2346"]

1.Nf3 d5 2.g3 Nf6 3.Bg2 Bg4 4.d4 e6 5.O-O Be7 6.Nbd2 O-O 7.Re1 c5 8.h3 Bh5
9.e4 dxe4 10.Nxe4 Nxe4 11.Rxe4 Nc6 12.c3 cxd4 13.cxd4 Qd5 14.Re1 Bxf3 15.Bxf3 Qxd4
16.Qxd4 Nxd4 17.Bxb7 Rab8 18.Be4 f5 19.Be3 Bf6 20.Rad1 Rfd8 21.Bxd4 Bxd4
22.Bd3 Rxb2 23.Rxe6 Bxf2+ 24.Kg2 Bb6+ 25.Kf1 Rf8 26.Bc4 Kh8 27.Re2 Rb4 28.Bb3 f4
29.gxf4 Rbxf4+ 30.Kg2 h6 31.Rd7 Rf1 32.Rde7 R1f2+ 33.Rxf2 Rxf2+ 34.Kg3 Rd2
35.Kg4 Kh7 36.Bf7 Rg2+ 37.Kf3 Rf2+ 38.Kg4 Bc5 39.Rc7 Bd6 40.Rxa7 Rf4+ 41.Kh5 Rf5+
42.Kg4 Rf4+ 43.Kh5 Rf5+ 44.Kg4 Rg5+ 45.Kf3 Rg3+ 46.Ke4 Rxh3 47.Be6 Re3+ 48.Kxe3 Bc5+
49.Kf3 Bxa7 50.Bf5+ g6 51.Bxg6+ Kxg6  1/2-1/2

[Event "SCG First League m"]
[Site "Vrnjacka Banja SCG"]
[Date "2005.10.26"]
[Round "10"]
[White "Tadic,B"]
[Black "Maksimovic,B"]
[Result "1-0"]
[WhiteElo "2510"]
[BlackElo "2395"]

1.Nf3 d5 2.g3 Nf6 3.Bg2 e6 4.O-O Be7 5.c4 O-O 6.b3 c5 7.Bb2 Nc6 8.cxd5 exd5
9.d4 Ne4 10.Nc3 Bf6 11.Na4 b6 12.dxc5 Bxb2 13.Nxb2 bxc5 14.Na4 Ba6 15.Rc1 Re8
16.Re1 Bb5 17.Nxc5 Qb6 18.Nd4 Nxc5 19.Nxb5 Ne4 20.Bxe4 dxe4 21.Nd6 e3 22.f4 Nd4
23.Nxe8 Rxe8 24.Qd3 h5 25.Rc4 Rd8 26.Qxe3 h4 27.Kf2 h3 28.Rd1 Qb7 29.Rdxd4 Qg2+
30.Ke1 Rxd4 31.Rxd4 Qxh2 32.Rd8+ Kh7 33.Qd3+ g6 34.Qc3  1-0

[Event "Open A"]
[Site "Arco HUN"]
[Date "2005.10.28"]
[Round "7"]
[White "De Santis,A"]
[Black "Dalponte,D"]
[Result "1/2-1/2"]
[WhiteElo "2331"]
[BlackElo "2101"]

1.Nf3 d5 2.g3 c6 3.Bg2 Nf6 4.O-O Nbd7 5.d4 Nb6 6.a4 a5 7.b3 Bf5 8.Ba3 Be4
9.Nbd2 g6 10.Nxe4 Nxe4 11.Ne5 Nd6 12.Qd3 f6 13.Nf3 Bg7 14.Nd2 O-O 15.c4 Nf7
16.Rfd1 Re8 17.e4 e6 18.Rac1 f5 19.e5 Bf8 20.Bxf8 Kxf8 21.cxd5 Nxd5 22.Bxd5 Qxd5
23.Nc4 Ra6 24.Qe3 Rd8 25.f3 b5 26.Nd6 bxa4 27.bxa4 Rb8 28.Nxf7 Kxf7 29.Rc5 Qb3
30.Qe2 Qxa4 31.d5 exd5 32.Rd2 Rab6 33.Rcc2 Ke6 34.Qe3 f4 35.gxf4 Rb1+ 36.Kg2 R8b6
37.f5+ Kxf5 38.Qh6 Qf4 39.Qf8+ Kg5 40.h4+ Qxh4 41.Qe7+ Kh5 42.Qxh7+ Kg5 43.Qe7+ Kh5
44.Qxh4+ Kxh4 45.Re2 Kg5 46.e6 Rb8 47.e7 Re8 48.Rxc6 Rb7 49.Rd6 Rbxe7 50.Rxd5+ Kf4  1/2-1/2

[Event "II Open"]
[Site "Calvia ESP"]
[Date "2005.10.28"]
[Round "9"]
[White "Rodriguez Lopez,R"]
[Black "Munar Rossello,P"]
[Result "0-1"]
[WhiteElo "2246"]
[BlackElo "2083"]

1.Nf3 d5 2.g3 c5 3.Bg2 Nc6 4.d4 e6 5.O-O Nf6 6.c4 Be7 7.cxd5 exd5 8.Nc3 O-O
9.Bg5 c4 10.Ne5 Be6 11.Nxc6 bxc6 12.b3 Qa5 13.Qc2 Bb4 14.Bd2 Rab8 15.bxc4 dxc4
16.Bxc6 Rfd8 17.a3 Qb6 18.Bg2 Qxd4 19.Rad1 Ba5 20.Nd5 Bxd2 21.Rxd2 Qc5 22.Nxf6+ gxf6
23.Rfd1 Rxd2 24.Qxd2 Qxa3 25.Qf4 Qb2 26.Be4 Qe5 27.Qh4 h5 28.Bb1 c3 29.Bd3 Rc8
30.Qa4 Rc7 31.Bc2 Qxe2 32.Rd8+ Kg7 33.Qb4 Qe1+ 34.Kg2 Bh3+ 35.Kf3 Re7 36.Qb8  0-1

[Event "Open A"]
[Site "Liberec CZE"]
[Date "2005.10.28"]
[Round "8"]
[White "Baum,B"]
[Black "Kotan,L"]
[Result "1-0"]
[WhiteElo "2160"]
[BlackElo "2364"]

1.Nf3 d5 2.g3 Nf6 3.Bg2 c6 4.c4 e6 5.b3 Be7 6.Bb2 O-O 7.O-O Nbd7 8.d3 b5
9.Nbd2 a5 10.Qc2 Ba6 11.Rfd1 Qb6 12.e3 Rfc8 13.Rac1 Bb7 14.Qb1 b4 15.d4 a4
16.e4 a3 17.Ba1 Bf8 18.Re1 g6 19.Qd3 Bh6 20.e5 Ne8 21.h4 Qd8 22.Nh2 Qe7 23.f4 Ba6
24.Qf3 Nc7 25.Ng4 Bg7 26.Ne3 Bb7 27.Qf2 h5 28.Bf3 Bh6 29.Rcd1 Kh7 30.Bh1 Rh8
31.Nf3 Kg7 32.Rf1 Ba6 33.Qe1 Rab8 34.Rf2 dxc4 35.bxc4 Nb6 36.Rc2 Rhd8 37.Nd2 Bb7
38.Ne4 Na6 39.Nd6 Ba8 40.Qe2 Qa7 41.Kh2 Kg8 42.Bf3 Nc8 43.Ne4 b3 44.axb3 Rxb3
45.Rc3 Rxc3 46.Bxc3 Qe7 47.Kh3 Bg7 48.c5 Nc7 49.Ba5 Rd7 50.Nd6 Qf8 51.Bxc7 Rxc7
52.Qa6 Ne7 53.Qxa3 Nd5 54.Ra1 Nxe3 55.Qxe3 Qd8 56.Qa3 Bb7 57.Qa5 Qd7 58.Rh1 Bf8
59.Qb6 Bc8 60.Qb8 Kh7 61.Rb1 Bg7 62.Qa8 Bf8 63.Bxc6 Qd8 64.Rb8  1-0

[Event "Open A"]
[Site "Arco HUN"]
[Date "2005.10.29"]
[Round "8"]
[White "Ager,J"]
[Black "Crea,V"]
[Result "1/2-1/2"]
[WhiteElo "2246"]
[BlackElo "2082"]

1.Nf3 d5 2.g3 c6 3.Bg2 Nf6 4.d3 Bf5 5.O-O e6 6.Nc3 h6 7.Nd2 Be7 8.e4 Bh7
9.Qe2 O-O 10.Kh1 Re8 11.f4 Bf8 12.e5 Nfd7 13.Nf3 c5 14.Bd2 Nc6 15.a3 Rc8
16.Be1 a6 17.Bf2 b5  1/2-1/2

[Event "Essent Open"]
[Site "Hoogeveen NED"]
[Date "2005.10.29"]
[Round "9"]
[White "Vogel,Ja"]
[Black "Hendriks,P"]
[Result "1-0"]
[WhiteElo "2261"]
[BlackElo "2121"]

1.Nf3 d5 2.g3 Nc6 3.d4 Bg4 4.Bg2 e6 5.h3 Bh5 6.O-O f5 7.c4 Nf6 8.Nc3 Be7
9.Ng5 Bf7 10.Nxf7 Kxf7 11.Bg5 Ne4 12.Bxe7 Nxe7 13.Nxe4 dxe4 14.f3 exf3 15.Rxf3 Qd6
16.e4 g6 17.e5 Qb4 18.Rb3 Qxc4 19.Rc1 Qa4 20.Rxc7 Rhe8 21.d5 Kg8 22.d6 Nc6
23.Qd2 Nd8 24.Qh6 Qd4+ 25.Kh2 Qxe5 26.Rbxb7  1-0

[Event "5th Rohde Open"]
[Site "Sautron FRA"]
[Date "2005.10.29"]
[Round "8"]
[White "Drouet,F"]
[Black "Barbot,P"]
[Result "1/2-1/2"]
[WhiteElo "1959"]
[BlackElo "2113"]

1.Nf3 d5 2.g3 g6 3.Bg2 Bg7 4.O-O Nf6 5.d4 O-O 6.Nbd2 Bf5 7.c4 c6 8.Re1 Nbd7
9.cxd5 cxd5 10.Nh4 Be6 11.Nb3 Rc8 12.Bd2 Ne4 13.Be3 Nd6 14.Rc1 Nc4 15.Rc2 Nxe3
16.fxe3 Qb6 17.Qd2 Rc6 18.Rxc6 bxc6 19.Rc1 Bf6 20.Nf3 Rc8 21.Nc5 Nxc5 22.Rxc5 Rb8
23.b3 Bf5 24.Qc3 Bd7 25.Ra5  1/2-1/2

[Event "9th Bavarian Open"]
[Site "Bad Wiessee GER"]
[Date "2005.10.30"]
[Round "2"]
[White "Zysk,R"]
[Black "Gebbert,A"]
[Result "1-0"]
[WhiteElo "2460"]
[BlackElo "2158"]

1.Nf3 d5 2.g3 e6 3.Bg2 c5 4.O-O Nc6 5.c4 Nf6 6.b3 d4 7.e3 Be7 8.Bb2 O-O 9.exd4 cxd4
10.Re1 Re8 11.d3 Bc5 12.a3 a5 13.Nbd2 e5 14.Ng5 Bg4 15.Qc2 Qd7 16.h3 Bf5
17.Kh2 Ra6 18.Re2 Nd8 19.Rae1 Ne6 20.Ngf3 e4 21.dxe4 Nf4 22.gxf4 d3 23.Qc3 dxe2
24.Ne5 Qc8 25.exf5 Qxf5 26.Rxe2 Qxf4+ 27.Kh1 Rae6 28.Nd3 Qf5 29.Rxe6 Rxe6
30.Nxc5 Qxc5 31.Ne4 Qf5 32.Nxf6+ gxf6 33.Qg3+ Kf8 34.Bd4 Qh5 35.Kh2 b6 36.Qb8+ Re8
37.Qd6+ Kg8 38.Qxf6 Kf8 39.Qh8+ Ke7 40.Qf6+ Kd7 41.Bc6+  1-0

[Event "25th An FMA"]
[Site "Madrid ESP"]
[Date "2005.10.30"]
[Round "2"]
[White "Elissalt Cardenas,H"]
[Black "Almagro Llanas,P"]
[Result "1-0"]
[WhiteElo "2327"]
[BlackElo "2345"]

1.Nf3 d5 2.g3 Nf6 3.Bg2 c6 4.b3 g6 5.Bb2 Bg7 6.O-O O-O 7.d3 Bg4 8.h3 Bxf3
9.exf3 d4 10.f4 Nd5 11.Nd2 a5 12.a3 a4 13.b4 Nc7 14.Re1 Nd7 15.Nc4 Re8 16.Qf3 Nb5
17.h4 Nf6 18.g4 Nd5 19.g5 Nd6 20.h5 Qc7 21.Bc1 Nf5 22.Bh3 e6 23.Bd2 f6 24.Bxf5 exf5
25.b5 fxg5 26.fxg5 Qd7 27.h6 Bf8 28.bxc6 bxc6 29.Bf4 Rxe1+ 30.Rxe1 Re8 31.Rxe8 Qxe8
32.Be5 Bxa3 33.Bxd4 Qe1+ 34.Kg2 Bc1 35.Nb6 Nf4+ 36.Kh2 Ne2 37.Be5 Bxg5 38.Nxa4 Be3
39.fxe3 Qg1+ 40.Kh3 g5 41.Qxf5 Qh1+ 42.Kg4 Qg2+ 43.Kh5 Qh1+ 44.Kxg5  1-0

[Event "zt 2.4"]
[Site "Sao Paulo BRA"]
[Date "2005.10.30"]
[Round "9"]
[White "Sunye Neto,J"]
[Black "Matsuura,E"]
[Result "1/2-1/2"]
[WhiteElo "2522"]
[BlackElo "2453"]

1.Nf3 d5 2.g3 Nf6 3.Bg2 g6 4.c4 Bg7 5.cxd5 Nxd5 6.O-O O-O 7.Nc3 Nc6 8.Qa4 e6
9.Rd1 Nb6 10.Qc2 e5 11.d3 Bg4 12.Be3 Nd4 13.Bxd4 exd4 14.Ne4 c6 15.Re1 Re8
16.a3 Re7 17.Rac1 Be6 18.Nc5 Bd5 19.b4 Rb8 20.a4 Qd6 21.a5 Nd7 22.Nd2 Bxg2
23.Kxg2 Rbe8 24.Nde4 Qd5 25.Nxd7 Rxd7 26.Qc5 f5 27.Qxd5+ Rxd5 28.Nc5 Bf8
29.Rc4 Bxc5 30.bxc5 Ree5 31.a6 bxa6 32.Ra4 Rd7 33.Kf3 Rxc5 34.Rxa6 Re7 35.Ra2 a5
36.Ra4 Rd5 37.Rc1 Re6 38.Rac4 Rde5 39.R1c2 c5 40.Ra4 Ra6 41.Rca2 g5 42.h3 Kf7
43.Rxa5 Rxa5 44.Rxa5 g4+ 45.hxg4 fxg4+ 46.Kxg4 Rxe2 47.Rxc5 Rd2 48.Rf5+ Kg6
49.Rf3 h5+ 50.Kf4 Re2 51.g4 h4 52.g5 h3 53.Rxh3 Rxf2+ 54.Ke5 Re2+ 55.Kxd4 Kxg5
56.Re3 Ra2 57.Re6 Kf5 58.Rc6 Ra4+ 59.Kd5 Ra5+ 60.Rc5 Ra7 61.Kd6+ Kf4 62.d4 Ke4
63.d5 Kd4 64.Rb5 Ra6+ 65.Kc7 Kc4  1/2-1/2

[Event "Autumn Open"]
[Site "Venice ITA"]
[Date "2005.10.30"]
[Round "3"]
[White "Di Lascio,S"]
[Black "Fattorelli,L"]
[Result "0-1"]
[WhiteElo "1926"]
[BlackElo "2079"]

1.Nf3 d5 2.g3 c5 3.Bg2 Nc6 4.O-O Nf6 5.d3 e5 6.Nbd2 Be7 7.e4 O-O 8.exd5 Nxd5
9.Re1 f6 10.a4 Be6 11.Nc4 Re8 12.Bd2 Qc7 13.Nh4 Bf7 14.Nf5 Bf8 15.Qg4 Kh8
16.Ncd6 Red8 17.Nxf7+ Qxf7 18.Qc4 Qd7 19.g4 Nd4 20.Ne3 Nf4 21.Be4 Nh3+ 22.Kg2 Nf4+
23.Kf1 Rac8 24.Nf5 g6 25.Ne3 f5 26.gxf5 gxf5 27.Bh1 Nh3 28.c3 f4 29.Nd5 Nc2
30.Rac1 Nxe1 31.Rxe1 Bg7 32.Qe4 Rc6 33.c4 Rg6 34.Bg2 Qg4 35.Bc3 Ng5 36.f3 Qxg2+
37.Kxg2 Nxe4+ 38.Kf1 Nxc3 39.bxc3 Rh6 40.Re2 Kg8  0-1

[Event "9th Bavarian Open"]
[Site "Bad Wiessee GER"]
[Date "2005.10.31"]
[Round "3"]
[White "Bayer,Be"]
[Black "Bigott,M"]
[Result "1-0"]
[WhiteElo "2330"]
[BlackElo "2101"]

1.Nf3 d5 2.g3 c6 3.Bg2 Bg4 4.Ne5 Bh5 5.g4 Bg6 6.h4 Nd7 7.Nxd7 Qxd7 8.h5 Qxg4
9.Bf3 Bxc2 10.Qxc2 Qd7 11.d4 f5 12.Nc3 Nf6 13.Bf4 e6 14.O-O-O b5 15.Be5 Ne4
16.Bxe4 fxe4 17.h6 Rg8 18.hxg7 Bd6 19.Rxh7 Bxe5 20.dxe5 O-O-O 21.Nxe4 Rxg7
22.Rxg7  1-0

[Event "25th An FMA"]
[Site "Madrid ESP"]
[Date "2005.11.01"]
[Round "6"]
[White "Mirzoev,A"]
[Black "Perez,Rod"]
[Result "1/2-1/2"]
[WhiteElo "2520"]
[BlackElo "2450"]

1.Nf3 d5 2.g3 Nf6 3.Bg2 c6 4.O-O Nbd7 5.d3 e5 6.Nbd2 Bc5 7.e4 dxe4 8.Nxe4 Nxe4
9.dxe4 O-O 10.Qe2 Re8 11.Be3 Bxe3 12.Qxe3 Qb6 13.Qxb6 Nxb6 14.a4 a5 15.b3 f6
16.Rfd1 Be6 17.Bf1 Rad8 18.Ne1 Rxd1 19.Rxd1 Kf8 20.f3 Ke7 21.Kf2 Rd8  1/2-1/2

[Event "Autumn Open"]
[Site "Venice ITA"]
[Date "2005.11.01"]
[Round "5"]
[White "Artigas Isart,M"]
[Black "Gallo,E"]
[Result "1-0"]
[WhiteElo "2240"]
[BlackElo "2113"]

1.Nf3 d5 2.g3 c5 3.c4 d4 4.b4 cxb4 5.d3 Nc6 6.Bg2 e5 7.O-O Nf6 8.Nbd2 Be7
9.a3 O-O 10.axb4 Bxb4 11.Qa4 Qc7 12.Ba3 Bxa3 13.Qxa3 h6 14.Rfb1 Be6 15.Nb3 Nd7
16.Nfd2 f5 17.Na5 Rab8 18.Nxb7 Nd8 19.Nd6 Rxb1+ 20.Rxb1 e4 21.Nb3 exd3 22.exd3 f4
23.Nxd4 fxg3 24.hxg3 Nc5 25.N4b5 Qb6 26.d4 Ncb7 27.c5 Qa5 28.Nxb7 Nxb7 29.Bxb7  1-0

[Event "Autumn Open"]
[Site "St Petersburg RUS"]
[Date "2005.11.03"]
[Round "6"]
[White "Krasnov,Vas"]
[Black "Gorelikov,I"]
[Result "1-0"]
[WhiteElo "2142"]
[BlackElo "1979"]

1.Nf3 d5 2.g3 Nf6 3.Bg2 e6 4.O-O Bd6 5.d3 Nbd7 6.Nbd2 c6 7.e4 dxe4 8.dxe4 e5
9.Nc4 Bc7 10.Nd6+ Bxd6 11.Qxd6 Qe7 12.Qxe7+ Kxe7 13.Re1 Re8 14.b3 Kf8 15.a4 b6
16.a5 Bb7 17.a6 Bc8 18.Bb2 Ng8 19.Ba3+ c5 20.Bf1 h6 21.Bb5 Ngf6 22.Nd2 Rd8
23.Nc4 Nb8 24.Bb2 Bd7 25.Bxd7 Nfxd7 26.Nxe5 Nxe5 27.Bxe5 Nc6 28.Bc3 Nd4 29.Bxd4 Rxd4
30.Kg2 Rd2 31.Ra2 Rad8 32.Kf3 R8d6 33.Re2 Ke7 34.h4 R2d4 35.g4 g5 36.h5 Ke6
37.Ke3 Ke5 38.f3 Rd1 39.Ra4 Rb1 40.Rc4 Rbd1 41.Rc3 Ra1 42.b4 cxb4 43.Rc7 Rxa6
44.Rxf7 b5 45.Rf5+ Ke6 46.Rxb5 Ra3+ 47.Kf2 a5 48.e5 Rd8 49.Rb6+ Ke7 50.Rxh6 Rf8
51.Re3 Ra2 52.Rc6 Rd8 53.h6 a4 54.Kg3 Ra1 55.Re2 a3 56.Ra6 a2 57.Kf2 Rh8
58.Ke3 Rh1 59.Rxa2 R1xh6 60.Ra7+ Ke6 61.Ke4 Rh2 62.Ra6+ Ke7 63.Rxh2 Rxh2
64.Kf5 Rf2 65.Ra7+ Kd8 66.Rb7 Rxf3+ 67.Kxg5 Rc3 68.Rxb4 Rxc2 69.Kf6 Rf2+
70.Ke6 Kc7 71.Ke7 Rh2 72.Rc4+ Kb6 73.e6 Kb5 74.Rc8 Kb6 75.g5 Kb7 76.Rc4 Rg2
77.Kf6 Rf2+ 78.Ke5 Rg2 79.Kf5 Rf2+ 80.Rf4  1-0

[Event "Blitz Match"]
[Site "Prague CZE"]
[Date "2005.11.04"]
[Round "7"]
[White "Navara,D"]
[Black "Shirov,A"]
[Result "1/2-1/2"]
[WhiteElo "2646"]
[BlackElo "2710"]

1.Nf3 d5 2.g3 Bg4 3.Bg2 Nd7 4.O-O e6 5.d3 Ngf6 6.c4 Bc5 7.cxd5 exd5 8.Nc3 O-O
9.a3 Re8 10.b4 Bf8 11.Bb2 a5 12.b5 Nb6 13.Re1 a4 14.e3 g6 15.Qc2 Bg7 16.Nd4 Qd7
17.Nce2 Rac8 18.Rac1 h5 19.Bc3 h4 20.Ba5 hxg3 21.hxg3 Qd6 22.Bxb6 Qxb6 23.Qxa4 Bxe2
24.Nxe2 Ra8 25.Qd4 Qxb5 26.Nc3 Qa5 27.Nxd5 Nxd5 28.Qxd5 Qxd5 29.Bxd5 c6 30.Be4 Rxa3
31.g4 Ra5 32.Rb1 Re7 33.Rb3 Rg5 34.Bf3 f5 35.Reb1 fxg4 36.Be4 b5 37.Bxc6 g3
38.f4 Rc5 39.Be4 Rc2 40.Rxb5 Re2 41.Rb8+ Kh7 42.R1b6 Bc3 43.Bxg6+ Kg7 44.Be4 Bd2
45.Rg6+ Kf7 46.Rxg3 Bxe3+ 47.Kf1 Rf2+ 48.Ke1 Ba7 49.Rh8 Rxf4 50.Rh7+ Kf8
51.Rg8+ Kxg8 52.Rxe7 Bd4 53.Kd1 Rf2 54.Rd7 Be3 55.Bg6 Kf8 56.Bh5 Rd2+ 57.Ke1 Rb2
58.Rf7+ Kg8 59.Re7 Bc5 60.Re5 Bb4+ 61.Kf1 Kg7 62.Be2 Bc3 63.Re4 Kf6 64.Kf2 Rb4
65.Re8 Rf4+ 66.Ke3 Rb4 67.Rd8 Ke5 68.Re8+ Kd6 69.Bf3 Bd4+ 70.Kf4 Be5+ 71.Kg5 Bd4
72.Kf5 Rb5+ 73.Ke4 Re5+ 74.Rxe5  1/2-1/2

[Event "2nd Bundesliga Mitte 2005-6"]
[Site "Austria AUT"]
[Date "2005.11.05"]
[Round "3"]
[White "Mitter,G"]
[Black "Waldmann,G"]
[Result "1-0"]
[WhiteElo "2190"]
[BlackElo "2161"]

1.Nf3 d5 2.g3 Bg4 3.Bg2 Nd7 4.c4 e6 5.O-O c6 6.d4 Bd6 7.Nbd2 Ngf6 8.b3 Qe7
9.a3 a5 10.Bb2 O-O 11.Ne5 Bh5 12.Re1 Bg6 13.Nxg6 hxg6 14.Qc2 Rac8 15.e4 dxe4
16.Nxe4 Nxe4 17.Bxe4 Nf6 18.Bg2 Rfd8 19.Re2 Qc7 20.Rd1 c5 21.d5 exd5 22.Bxf6 gxf6
23.Bxd5 Kg7 24.f4 Re8 25.Rde1 Qd7 26.Rxe8 Rxe8 27.Rxe8 Qxe8 28.Bxb7 Qe1+
29.Kg2 Qa1 30.Qd2 Be7 31.Qe2 Kf8 32.f5 Qe5 33.Qxe5 fxe5 34.fxg6 fxg6 35.Kf3 Bg5
36.Ke4 Bc1 37.Kxe5 Bb2+ 38.Ke6 Kg7 39.b4 cxb4 40.axb4 axb4 41.c5 Bd4 42.c6 Bb6
43.Kd6 Kf6 44.Ba6 b3 45.Bd3 g5 46.c7 Bxc7+ 47.Kxc7 Ke5 48.Bb1 g4 49.Kd7  1-0

[Event "9th Bavarian Open"]
[Site "Bad Wiessee GER"]
[Date "2005.11.05"]
[Round "8"]
[White "Zysk,R"]
[Black "Krahe,F"]
[Result "1-0"]
[WhiteElo "2460"]
[BlackElo "2236"]

1.Nf3 d5 2.g3 c6 3.Bg2 Bg4 4.b3 Nd7 5.Bb2 Ngf6 6.d3 e6 7.Nbd2 Bc5 8.a3 O-O
9.h3 Bh5 10.O-O a5 11.Qe1 Qc7 12.Kh1 Rfe8 13.e4 e5 14.Nh4 g5 15.Nf5 Bg6 16.Ne3 Qd6
17.Rd1 b5 18.Nf3 d4 19.Nf5 Bxf5 20.exf5 e4 21.Nxg5 exd3 22.Qd2 dxc2 23.Qxc2 Rad8
24.Nf3 Re4 25.b4 axb4 26.axb4 Bb6 27.Qd2 Nf8 28.Rfe1 Rde8 29.Qg5+ Kh8 30.Qh6 N8d7
31.Rxe4 Rxe4 32.Ng5 Re7 33.Nxh7 Kg8 34.Nxf6+ Nxf6 35.Qg5+ Kf8 36.Qh4 Ng8
37.Bxd4 Ke8 38.Qh8 Rd7 39.Qxg8+ Qf8 40.Re1+  1-0

[Event "TCh-CZE Extraliga 2005-6"]
[Site "Czech Rep CZE"]
[Date "2005.11.05"]
[Round "3"]
[White "Sergeev,Vl"]
[Black "Dolezal,R1"]
[Result "1/2-1/2"]
[WhiteElo "2436"]
[BlackElo "2387"]

1.Nf3 d5 2.g3 Nd7 3.Bg2 e5 4.c4 d4 5.O-O c5 6.d3 Bd6 7.a3 a5 8.e4 Ne7 9.Nh4 O-O
10.a4 Ra6 11.b3 Bb8 12.Ra2 f5 13.exf5 Nxf5 14.Nxf5 Rxf5 15.Nd2 h6 16.Ne4 Rf8
17.Re2 Kh8 18.Bd2 Re6 19.Bh3 Rc6 20.Qe1 b6 21.f3 Nf6 22.Bxc8 Rxc8 23.g4 Ng8
24.h4 g6 25.Qg3 Kg7 26.Ref2 Qe7 27.Kg2 Rf7 28.Qh3 Rcf8 29.Re2 Qd7 30.Ref2 Bc7
31.Be1 Ne7 32.Re2 Nc6 33.Qg3 Qc8 34.Bd2 Bb8 35.Qe1 Bc7 36.Kg3 Qb8 37.Qc1 Rh8
38.Kg2 Qe8 39.Be1 Rhf8 40.Bg3 Qd8 41.Qd1 Qc8 42.Qd2 Qd8 43.Ref2 Nb4 44.Qe2 Qd7
45.Rd1 Nc6 46.Qf1 Qc8 47.Qh1 Nb4 48.Qh2 Re7 49.Rdd2 Qd7 50.Rfe2 Nc6 51.Re1 Bb8
52.g5 Qf5 53.gxh6+ Kxh6 54.Ng5 Kg7 55.Re4 Rfe8 56.Qh3 Bc7 57.Qg4 Rh8 58.Rde2 Bd6
59.Re1 Rh5 60.Rd1 Rh8 61.Rd2 Rh5 62.Nh3 Rh8 63.Rde2 Rh5 64.Nf2 Kf7 65.Qh3 Qxh3+
66.Nxh3 Nb4 67.Nf2 Kf8 68.Rg4 Kf7 69.Ne4 Bc7 70.Rd2 Rf5 71.Bh2 Kg7 72.Ng5 Kf6
73.Bg3 Re8 74.Ne4+ Kg7 75.Kf2 Rh8 76.Ng5 Kf6 77.Ke2 Rh6 78.Rd1 Nc2 79.Bf2 Rh8
80.Rdg1 Rh6 81.Kd2 Nb4 82.R1g2 Ke7 83.Be1 Nc6 84.Ke2 Kd7 85.Bd2 Rh8 86.Ne4 Ne7
87.Bg5 Ng8 88.R4g3 Rf7 89.Rg1 Rh5 90.R3g2 Rh8 91.Rh1 Rh5 92.Rgh2 Kc6 93.Rg2 Kd7
94.Rg4 Rh8 95.Rf1 Kc6 96.Kf2 Kd7 97.Kg2 Rh5 98.Re1 Rh8 99.Nf2 Nf6 100.Bxf6 Rxf6
101.Ne4 Rc6 102.Rg1 Bd8 103.Kg3 Rf8 104.Rh1 Rf5 105.Re1 Be7 106.Re2 Bd8 107.Rg2 Rh5
108.Rh2 Rf5 109.Rh3 Re6 110.Kg2 Rh5 111.Rh1 Rc6 112.Ng3 Rh7 113.Re4 Re6 114.Rg4 Rh8
115.Ne4 Rc6 116.Nf2 Re6 117.Rh3 Be7 118.Re4 Bd8 119.Ng4 Kd6 120.Kg1 Rh5 121.Rh2 Re8  1/2-1/2

[Event "TCh-NED 2005-6"]
[Site "Netherlands NED"]
[Date "2005.11.05"]
[Round "3"]
[White "Carlier,B"]
[Black "Kalka,A"]
[Result "1/2-1/2"]
[WhiteElo "2464"]
[BlackElo "2401"]

1.Nf3 d5 2.g3 Nf6 3.Bg2 c6 4.O-O Bf5 5.d3 h6 6.c4 e6 7.cxd5 cxd5 8.Nc3 Nc6
9.Qa4 Qd7 10.e4 Bh7 11.exd5 Nxd5 12.Nxd5 exd5 13.Re1+ Be7 14.b4 b5 15.Qxb5 Rb8
16.Rxe7+ Kxe7 17.Qc5+ Qd6 18.Qxd6+ Kxd6 19.Bf4+ Ke6 20.Re1+ Kf6 21.Bxb8 Rxb8
22.a3 Bxd3 23.Rc1 Rb6 24.Rc5 Be4 25.Nd2 Bxg2 26.Kxg2 Ke6 27.Nb3 Kd6 28.f4 g6
29.Kf2 a6 30.Ke3 f6 31.Nd4 Ne7 32.Kd3 g5 33.Rc1 Kd7 34.f5 Nc8 35.Rc5 Rd6
36.Ra5 h5 37.h3 Ne7 38.g4 hxg4 39.hxg4 Ng8 40.Ke3 Nh6 41.Kf3 Nf7 42.Kg3 Ne5
43.b5 axb5 44.Rxb5 Ra6 45.Rxd5+ Ke7 46.Nb5 Ra5 47.Kh3 Nf7 48.Kg3 Ne5  1/2-1/2

[Event "TCh-NED 2005-6"]
[Site "Netherlands NED"]
[Date "2005.11.05"]
[Round "3"]
[White "Vogel,Ja"]
[Black "Van Harreveld,F"]
[Result "1-0"]
[WhiteElo "2261"]
[BlackElo "2262"]

1.Nf3 d5 2.g3 c5 3.Bg2 Nc6 4.d4 e6 5.c4 Nf6 6.cxd5 exd5 7.O-O Be7 8.Nc3 O-O
9.Bg5 c4 10.Ne5 Be6 11.e3 Nd7 12.Bxe7 Nxe7 13.Qh5 f6 14.Nxd7 Qxd7 15.Qe2 b5
16.b4 a5 17.Rfb1 Bf7 18.a4 Nc6 19.axb5 Nxb4 20.Ra4 Rfd8 21.Rba1 Qc7 22.h4 g6
23.g4 Kg7 24.Qf3 Qd6 25.g5 Nc2 26.Rb1 Nb4 27.Qg3 Qb8 28.gxf6+ Kxf6 29.Qg5+ Kg7
30.f4 Re8 31.Nxd5 Nxd5 32.Bxd5 Bxd5 33.Qxd5 Rxe3 34.Rf1 Qc8 35.f5 Qb8 36.f6+ Kh8
37.Ra2 c3 38.f7 Rg3+ 39.Rg2 Rxg2+ 40.Kxg2 Qf8 41.Qe5+  1-0

[Event "Autumn Open"]
[Site "St Petersburg RUS"]
[Date "2005.11.05"]
[Round "8"]
[White "Korniushin,N"]
[Black "Vunder,A"]
[Result "1-0"]
[WhiteElo "2351"]
[BlackElo "2252"]

1.Nf3 d5 2.g3 Nf6 3.Bg2 c5 4.O-O e6 5.b3 Nc6 6.Bb2 Be7 7.c4 O-O 8.d3 d4 9.Na3 e5
10.Nc2 Bg4 11.h3 Bh5 12.e3 Nd7 13.Qd2 Bg6 14.exd4 exd4 15.Nfe1 Qc7 16.f4 f5
17.Nf3 Rae8 18.Kh2 Bd6 19.b4 b6 20.b5 Nd8 21.Rae1 Bh5 22.Qf2 Nf7 23.Bc1 Nf6
24.Bd2 Kh8 25.Kh1 Ne4 26.dxe4 fxe4 27.Nfxd4 cxd4 28.Qxd4 Bc5 29.Qc3 Nd6 30.Nb4 Bf7
31.Nd5 Bxd5 32.cxd5 Nxb5 33.Qb2 Nd6 34.Qb3 Qf7 35.g4 h5 36.f5 hxg4 37.hxg4 Qe7
38.Qh3+ Kg8 39.g5 Qd7 40.g6 Rxf5 41.Qh7+ Kf8 42.Bg5  1-0

[Event "9th Bavarian Open"]
[Site "Bad Wiessee GER"]
[Date "2005.11.06"]
[Round "9"]
[White "Zysk,R"]
[Black "Vysochin,S"]
[Result "0-1"]
[WhiteElo "2460"]
[BlackElo "2578"]

1.Nf3 d5 2.g3 Bg4 3.Bg2 Nd7 4.c4 e6 5.b3 Bd6 6.Bb2 Ngf6 7.O-O c6 8.d3 Bxf3
9.Bxf3 h5 10.cxd5 exd5 11.Nd2 h4 12.e4 hxg3 13.hxg3 dxe4 14.Nxe4 Nxe4 15.Re1 Kf8
16.dxe4 Be5 17.Ba3+ Kg8 18.Rc1 Qf6 19.Kg2 Bd4 20.Rc2 Ne5 21.Bh5 g6 22.Bg4 Bxf2
23.Rxf2 Rh2+ 24.Kxh2 Qxf2+ 25.Kh3 Kg7 26.Bh5 Rh8 27.g4 Nf3 28.Bb2+ Kh7 29.g5 Qh2+
30.Kg4 Qxh5+ 31.Kf4 Nxe1  0-1

[Event "TCh-CZE Extraliga 2005-6"]
[Site "Czech Rep CZE"]
[Date "2005.11.06"]
[Round "4"]
[White "Gross,Dav CZE"]
[Black "Kulhanek,T"]
[Result "1/2-1/2"]
[WhiteElo "2383"]
[BlackElo "2392"]

1.Nf3 d5 2.g3 Bg4 3.Bg2 Nd7 4.O-O e6 5.d3 Ngf6 6.Nbd2 Be7 7.c4 c6 8.b3 a5
9.a3 O-O 10.Bb2 b5 11.Qc2 Qb6 12.e4 bxc4 13.bxc4 dxe4 14.dxe4 Nc5 15.Rab1 Qa6
16.Rfe1 Rfd8 17.Ne5 Bh5 18.Ndf3 Nfd7 19.g4  1/2-1/2